| 000 | 00857cab a22002295a 4500 | ||
|---|---|---|---|
| 001 | L159976 | ||
| 008 | 150113e2016 xxk 000 0 eng d | ||
| 035 | _a(Sirsi) u159976 | ||
| 041 | 0 | _aeng | |
| 100 | 1 | _aCarroll, Spencer | |
| 245 | 0 | 0 |
_aOn the safe side _h[electronic resource] |
| 260 |
_aLondon _bRICS _c2016 |
||
| 490 |
_aRICS Building Surveying Journal _vOctober 2016 - November 2016, 12-13(2) |
||
| 520 | _aUnderstanding security risks and crime prevention should be essential for building surveyors. | ||
| 650 | 2 | 4 | _aBUILDING REGULATIONS 2015 APPROVED DOCUMENT Q (2015 EDITION) |
| 650 | 2 | 4 | _aSECURED BY DESIGN |
| 650 | 2 | 4 | _aTHEFT |
| 650 | 2 | 4 | _aSECURITY IN BUILDINGS |
| 690 | _aSECURITY | ||
| 856 | 4 | 0 |
_uhttps://www.rics.org/Global/BSJ-BCJ%20Oct%20Nov%202016%20Interactive.pdf _zView the article free of charge at www.rics.org... |
| 942 | _n0 | ||
| 999 |
_c85097 _d85097 |
||